000 00788nam a2200229 a 4500
001 014432
003 BD-ChCU
005 20230204160958.0
008 Ben
020 _a৯৮৪০৬০৬৮৫৯
040 _aDLC
_cDLC
_dBD-ChCU
082 0 0 _a৩৭০.১/শিক্ষা৩০
100 1 _aইসলামিক ফাউন্ডেশন বাংলাদেশ
_b-
245 1 0 _aশিক্ষাদর্শন ও ইসলাম
_b-
250 _a***
260 _aঢাক
_bইসলামিক ফাউন্ডেশন বাংলাদেশ
_c২০০৪
300 _a২৫৬পৃ:
504 _a- Biblio-
650 0 _aশিক্ষা-তত্ত্ব ও দর্শন
_bশিক্ষা
700 1 _a-
942 _2ddc
_cBK
999 _c14432
_d14432